Ejecución de garantías a primera demanda en la contratación pública / (Registro nro. 6151)
[ vista simple ]
| 000 -LEADER | |
|---|---|
| fixed length control field | 01228nabaa22002417a 4500 |
| 003 - CONTROL NUMBER IDENTIFIER | |
| control field | OSt |
| 005 - DATE AND TIME OF LATEST TRANSACTION | |
| control field | 20260123192209.0 |
| 008 - FIXED-LENGTH DATA ELEMENTS--GENERAL INFORMATION | |
| fixed length control field | 190701b xxu||||| |||| 00| 0 spa d |
| 040 ## - CATALOGING SOURCE | |
| Transcribing agency | PJ |
| 100 ## - MAIN ENTRY--PERSONAL NAME | |
| 9 (RLIN) | 6902 |
| Personal name | Lorenti (h.), Pedro M. |
| 245 10 - TITLE STATEMENT | |
| Title | Ejecución de garantías a primera demanda en la contratación pública / |
| Statement of responsibility, etc | Pedro M. Lorenti (h.). |
| 300 ## - PHYSICAL DESCRIPTION | |
| Extent | p. 31-49 |
| 500 ## - GENERAL NOTE | |
| General note | Cita: TR LALEY AR/DOC/3191/2023 |
| 505 ## - FORMATTED CONTENTS NOTE | |
| Formatted contents note | Sumario: I. Introducción.— II. "...(W)on't take no for an answer...".— III. En nuestro derecho civil y comercial...— IV. ...y en nuestro derecho de los seguros.— V. Garantías a primer requerimiento y contratos del sector público.— VI. Pago a primer requerimiento y derecho administrativo.— VII. Quid de la caución.— VIII. Conclusiones. |
| 505 ## - FORMATTED CONTENTS NOTE | |
| Title | ¿Te interesa el texto completo? Comunicate al correo: koha@justierradelfuego.gov.ar |
| 650 #0 - SUBJECT ADDED ENTRY--TOPICAL TERM | |
| 9 (RLIN) | 211 |
| Topical term or geographic name as entry element | DERECHO ADMINISTRATIVO |
| 650 #0 - SUBJECT ADDED ENTRY--TOPICAL TERM | |
| 9 (RLIN) | 1497 |
| Topical term or geographic name as entry element | CODIGO CIVIL Y COMERCIAL |
| 650 #0 - SUBJECT ADDED ENTRY--TOPICAL TERM | |
| 9 (RLIN) | 1921 |
| Topical term or geographic name as entry element | SEGUROS |
| 650 #0 - SUBJECT ADDED ENTRY--TOPICAL TERM | |
| 9 (RLIN) | 3463 |
| Topical term or geographic name as entry element | CONTRATOS |
| 650 #0 - SUBJECT ADDED ENTRY--TOPICAL TERM | |
| Topical term or geographic name as entry element | EJECUCION DE SENTENCIA |
| 773 0# - HOST ITEM ENTRY | |
| Host Biblionumber | 2842 |
| Host Itemnumber | 3251 |
| Place, publisher, and date of publication | Buenos Aires : AbeledoPerrot, 2012- |
| Other item identifier | DA121 |
| Title | Derecho administrativo. Nº 151 enero/febrero 2024 |
| International Standard Book Number | 18510590 |
| 942 ## - ADDED ENTRY ELEMENTS (KOHA) | |
| Source of classification or shelving scheme | |
| Koha item type | Analítica Artículo de Revista |
No hay ítems disponibles.
